000 00346nam a2200157Ia 4500
100 _aPrasad/K.V.K.K
650 _aEmbedded systems
942 _cBK
366 _f27
654 _aembedded systems
245 _aEmbedded/Real-time systems
260 _bDreamtech
_c2015
082 _a3.3
_bPRA
300 _a640
546 _aENGLISH
_cComputers
999 _c35625
_d35625